000 00412 a2200133 4500
001 ART_44793
005 20260410161629.0
008 260409a
245 1 0 _aElección de política contable en el marco de la NIC 16 "Propiedades, planta y equipo"
100 1 _aSuardi, Diana
700 1 _aBertolino, Gisela
700 1 _aDíaz, Teresa
773 0 _tEnfoques
_g- Nº 12 (dic. 2017)
_wREV416
999 _c12327
_d12327